000 00369nam a2200145Ia 4500
008 230917s9999||||xx |||||||||||||| ||und||
040 _e218013
_aMAIN
041 _aEnglish
082 _a331.10954 A68G
100 _aAprajita
245 0 _aGandhi and the Indian labour movement
260 _aNew Delhi
_bSanjay Parkashan
_c2012
300 _axi, 240 p.
942 _cBK
999 _c177443
_d177443